| 000 | 01379nam a2200337Ia 4500 | ||
|---|---|---|---|
| 001 | ebr10209731 | ||
| 003 | CaPaEBR | ||
| 006 | m u | ||
| 007 | cr cn||||||||| | ||
| 008 | 070330s2007 enkab sb 001 0 eng d | ||
| 020 | _z184511423X (hbk.) : | ||
| 020 | _z9781845114237 (hbk.) : | ||
| 040 |
_aCaPaEBR _cCaPaEBR |
||
| 035 | _a(OCoLC)184753002 | ||
| 050 | 1 | 4 |
_aDS650.7 _b.H37 2007eb |
| 082 | 0 | 4 |
_a959.5504 _222 |
| 100 | 0 | _aHarun Abdul Majid. | |
| 245 | 1 | 0 |
_aRebellion in Brunei _h[electronic resource] : _bthe 1962 revolt, imperialism, confrontation and oil / _cby Harun Abdul Majid. |
| 260 |
_aLondon : _bI. B. Tauris, _c2007. |
||
| 300 |
_ax, 200 p. : _bill., maps. |
||
| 490 | 1 |
_aInternational library of twentieth century history ; _vv. 14 |
|
| 504 | _aIncludes bibliographical references and index. | ||
| 533 |
_aElectronic reproduction. _bPalo Alto, Calif. : _cebrary, _d2013. _nAvailable via World Wide Web. _nAccess may be limited to ebrary affiliated libraries. |
||
| 650 | 0 |
_aRevolutions _zBrunei. |
|
| 651 | 0 |
_aBrunei _xForeign relations. |
|
| 651 | 0 |
_aBrunei _xHistory. |
|
| 655 | 7 |
_aElectronic books. _2local |
|
| 710 | 2 | _aebrary, Inc. | |
| 830 | 0 |
_aInternational library of twentieth century history ; _v14. |
|
| 856 | 4 | 0 |
_uhttp://site.ebrary.com/lib/rucke/Doc?id=10209731 _zAn electronic book accessible through the World Wide Web; click to view |
| 999 |
_c227353 _d227353 |
||